000 01331nam a2200277Ia 4500
005 20220317001107.0
008 160825s2006 ck a g 000 0 spa
020 _a97895830076012
245 1 0 _aCuentos fantásticos
_cselección de Guido L. Tamayo S. ; ilustrado por Patricia Rodríguez
250 _a1a. edición
_b5a. reimpresión
300 _a172 páginas
_bilustraciones
_c22 cm
490 _aEl pozo y el péndulo
505 _aLa poción de Lao-Tsé / Richard Garnet -- La nariz / Nokolai Gogol -- El beso / Tomasso Landolfi -- El guardagujas / Juan José Arreola -- Las dos chelitas / Julio Garmendia -- Nosferatu / Griselda Gambaro -- En memoria de Paulina / Adolfo Bioy
650 1 4 _2LEMB
_aCuentos fantásticos
_vColecciones
650 1 4 _2LEMB
_aAventuras en la literatura
700 1 _aRodríguez Acosta, Patricia
_99783
700 1 _aTamayo Sánchez, Guido L.
_917064
740 3 2 _aEl Beso
_aLa muñeca menor
_aEl guardaagujas
_aLa memoria de Paulina
_aLa nariz
_aLa poción de Lao-Tsé
_aLas dos Chelitas
_aNosferatu
_aPesadilla en el hipotálamo
942 _2loc
_cBKLIT
264 _aBogotá
_bPanamericana
_c2006
336 _atexto
_btxt
_2rdacontent
337 _asin mediación
_bn
_2rdamedia
338 _avolumen
_bnc
_2rdacarrier
040 _aCO-BoRNBP
_bspa
_erda
_cCO-BoRNBP
084 _aC CUE2
999 _c5905
_d5905